000 00585cam a2200169 a 4500
082 0 0 _a660.7
_bSCH
_cL-38, P-159
100 1 _aSchlesinger, Mark A.,
_944777
245 1 0 _aMass and energy balances in materials engineering /
_cMark A. Schlesinger.
260 _aUpper Saddle River, NJ :
_bPrentice Hall,
_cc1996.
300 _aix, 265 p. :
_bill. ;
_c25 cm. +
_e1 computer disk (3 1/2 in.)
526 _a0
_b0
_c0
_d660_700000000000000_SCH
650 0 _aForce and energy.
_944778
650 0 _aMass (Physics)
_944779
650 0 _aMaterials science.
650 0 _aMCE
_9379
942 _2ddc
_cBK
999 _c548469
_d548469